000 00664nam a2200241Ia 4500
003 OSt
005 20220918175808.0
006 a|||||r|||| 00| 0
007 ta
008 220917b |||||||| |||| 00| 0 eng d
024 _a18,973
037 _cTextual
040 _aARTS
_cARTS
_beng
041 _2eng
_aeng
082 _aO:2NBl:1, J4
100 _aBrand Mona
_954894
245 0 _aTwo plays about Malaya
_b Strangers in the land, for mother Malaya
260 _c1954
650 _aENGLISH LITERATURE
700 _a Richardson Lesley
_954895
942 _hO:2NBl:1, J4
_cTEXL
_2CC
999 _c159011
_d159011